000 00293nam a22001337a 4500
008 170215b xxu||||| |||| 00| 0 eng d
020 _a9780815121480
041 _aeng
080 _26ED
_a61
100 _a4
101 _aSHM
245 _aRESPIRATORY CARE EQUIPMENT
_cSUSAN
942 _2udc
_cBK
999 _c5514
_d5514